[Event "Oberliga NRW 2122"]
[Site "Germany"]
[Date "2022.04.03"]
[Round "5.5"]
[White "Homs, Guust"]
[Black "Heeke, Guido"]
[Result "1-0"]
[WhiteElo "2185"]
[BlackElo "1872"]
[PlyCount "141"]
[EventDate "2021.10.31"]
[EventType "team-tourn"]
[EventRounds "9"]
[EventCountry "GER"]
[SourceTitle "EXT 2023"]
[Source "ChessBase"]
[SourceDate "2022.10.05"]
[SourceVersion "1"]
[SourceVersionDate "2022.10.05"]
[SourceQuality "1"]
[WhiteTeam "Erkenschwick"]
[BlackTeam "Letmathe"]
[WhiteTeamCountry "GER"]
[BlackTeamCountry "GER"]

1. e4 c6 2. d4 d5 3. exd5 cxd5 4. Bd3 Nc6 5. c3 Nf6 6. Bf4 g6 7. h3 Bg7 8. Nd2 0-0 9. Ngf3 Re8 10. 0-0 Bd7 11. Re1 Qc8 12. Ne5 Nh5 13. Bh2 Bh6 14. Nxd7 Qxd7 15. Nf3 Nf4 16. Bb5 a6 17. Ne5 Qd6 18. Bxc6 bxc6 19. Qf3 g5 20. Qg4 Qf6 21. Bxf4 Qxf4 22. Qxf4 gxf4 23. Nxc6 e6 24. Ne5 Re7 25. Re2 Rc8 26. a4 Rb7 27. Nd3 a5 28. Nc5 Rb6 29. Kf1 Rc7 30. Nd3 f6 31. Rae1 Kf7 32. Rc2 Kg6 33. Ke2 Kf5 34. Kf3 Rc8 35. Rce2 Rcc6 36. h4 Rd6 37. Nxf4 Bxf4 38. g4+ Kg6 39. Kxf4 Rdc6 40. Kg3 Kf7 41. f4 Rc4 42. Ra1 Rb3 43. Rd2 Rb6 44. Kf3 Rb8 45. Ra3 Rc6 46. Ke3 Rcb6 47. Ra2 Rg8 48. Rg2 Rgb8 49. Kd3 Rc6 50. Ra1 Rc4 51. Ra3 Rbc8 52. Rb3 R8c7 53. Rb8 Rxa4 54. Re2 Re7 55. Rh8 Kg7 56. Ra8 Ra2 57. b4 Rxe2 58. Kxe2 axb4 59. cxb4 e5 60. dxe5 fxe5 61. fxe5 Rxe5+ 62. Kf3 Re7 63. b5 d4 64. b6 Re3+ 65. Kf4 Rb3 66. Ra7+ Kg6 67. h5+ Kf6 68. Rxh7 d3 69. Rh6+ Kg7 70. Rg6+ Kf7 71. Ke3 1-0

[Event "Oberliga NRW 2122"]
[Site "Germany"]
[Date "2022.03.06"]
[Round "4.7"]
[White "Heeke, Guido"]
[Black "Goldschmidt, Christian"]
[Result "0-1"]
[WhiteElo "1874"]
[BlackElo "2223"]
[PlyCount "82"]
[EventDate "2021.10.31"]
[EventType "team-tourn"]
[EventRounds "9"]
[EventCountry "GER"]
[SourceTitle "EXT 2023"]
[Source "ChessBase"]
[SourceDate "2022.10.05"]
[SourceVersion "1"]
[SourceVersionDate "2022.10.05"]
[SourceQuality "1"]
[WhiteTeam "Letmathe"]
[BlackTeam "Brackel"]
[WhiteTeamCountry "GER"]
[BlackTeamCountry "GER"]

1. c4 e6 2. Nf3 d5 3. d4 Nf6 4. Nc3 c5 5. e3 a6 6. dxc5 Bxc5 7. cxd5 exd5 8. Be2 0-0 9. 0-0 Nc6 10. b3 Qd6 11. Bb2 Ba7 12. Rc1 Bg4 13. Nb1 Rad8 14. Nbd2 Rfe8 15. Re1 Bb8 16. g3 Ba7 17. Nd4 Bc8 18. N2f3 Ne4 19. Qc2 Nb4 20. Qb1 Qh6 21. Bf1 Nc6 22. Qc2 Rd6 23. Nh4 Rf6 24. Ndf3 g5 25. Bxf6 Qxf6 26. Nxg5 Nxg5 27. Bg2 Nh3+ 28. Bxh3 Bxh3 29. Qd2 Rd8 30. Qe2 Ne5 31. Rc7 Bg4 32. Qf1 Nf3+ 33. Nxf3 Bxf3 34. Rec1 d4 35. exd4 Bxd4 36. Rc8 Rxc8 37. Rxc8+ Kg7 38. h3 Bc6 39. Qe2 h5 40. Rb8 Qf5 41. Rd8 Qxh3 0-1

[Event "Stuttgart-chA int"]
[Site "Ditzingen"]
[Date "2014.05.31"]
[Round "7"]
[White "Heeke, Guido"]
[Black "Schumann, Kai"]
[Result "1/2-1/2"]
[WhiteElo "1907"]
[BlackElo "2044"]
[PlyCount "58"]
[EventDate "2014.05.29"]
[EventType "swiss"]
[EventRounds "7"]
[EventCountry "GER"]
[SourceTitle "EXT 2015"]
[Source "ChessBase"]
[SourceDate "2014.11.20"]
[SourceVersion "1"]
[SourceVersionDate "2014.11.20"]
[SourceQuality "1"]

1. c4 c5 2. Nf3 Nc6 3. d4 cxd4 4. Nxd4 Nf6 5. Nc3 g6 6. e3 Bg7 7. Be2 0-0 8. 0-0 d6 9. Bf3 Ne5 10. Be2 a6 11. b3 Bd7 12. Bb2 Qa5 13. Nf3 Ne4 14. Nxe4 Nxf3+ 15. Bxf3 Bxb2 16. Rb1 Bg7 17. Qd2 Qe5 18. Ng3 Rab8 19. Rfd1 b5 20. cxb5 Qxb5 21. Rbc1 Rfc8 22. Rxc8+ Rxc8 23. Rc1 Rxc1+ 24. Qxc1 Qa5 25. a3 Bb2 26. Qxb2 Qe1+ 27. Nf1 Bb5 28. h3 Qxf1+ 29. Kh2 h5 1/2-1/2

[Event "Stuttgart-chA int"]
[Site "Ditzingen"]
[Date "2014.05.30"]
[Round "4"]
[White "Bissbort, Julian"]
[Black "Heeke, Guido"]
[Result "1/2-1/2"]
[WhiteElo "2042"]
[BlackElo "1907"]
[PlyCount "156"]
[EventDate "2014.05.29"]
[EventType "swiss"]
[EventRounds "7"]
[EventCountry "GER"]
[SourceTitle "EXT 2015"]
[Source "ChessBase"]
[SourceDate "2014.11.20"]
[SourceVersion "1"]
[SourceVersionDate "2014.11.20"]
[SourceQuality "1"]

1. g3 d6 2. Bg2 f5 3. d4 g6 4. Nf3 Nf6 5. c3 c6 6. Nbd2 Bg7 7. 0-0 0-0 8. Qb3+ Kh8 9. Ng5 Qe8 10. Ne6 Bxe6 11. Qxe6 Qf7 12. Qe3 Nbd7 13. Nf3 h6 14. Qf4 Ne4 15. Qh4 h5 16. Ng5 Nxg5 17. Bxg5 Bf6 18. e4 e6 19. exf5 exf5 20. d5 c5 21. Rfe1 Rae8 22. Bxf6+ Nxf6 23. Qf4 b6 24. Rxe8 Rxe8 25. Qxd6 Qe7 26. Qf4 Kg7 27. Rd1 Qe2 28. Bf3 Qc2 29. Qc7+ Kh6 30. Qf4+ Kg7 31. Qd2 Qxd2 32. Rxd2 Nd7 33. Be2 Ne5 34. f4 Nf7 35. Kf2 Nd6 36. Bd3 Kf7 37. Re2 Re7 38. b3 Rxe2+ 39. Kxe2 Ke7 40. Ke3 Ne8 41. Be2 Kd6 42. c4 Nf6 43. Bf3 a5 44. Kf2 Kd7 45. Kg2 Ke7 46. Kh3 Ne8 47. Kh4 Kf6 48. h3 Nd6 49. Bg2 Nf7 50. g4 hxg4 51. hxg4 Nd6 52. g5+ Kf7 53. Kg3 Ke7 54. Kf2 Kd7 55. Ke3 Ke7 56. Kd3 Nc8 57. Kc3 Kd6 58. Bf3 Ne7 59. Kb2 Nc8 60. Ka3 Ke7 61. Ka4 Nd6 62. a3 Ke8 63. b4 axb4 64. axb4 Ke7 65. bxc5 bxc5 66. Ka5 Nxc4+ 67. Kb5 Nd2 68. Be2 Ne4 69. Kc6 Nf2 70. d6+ Kd8 71. Bf1 c4 72. Bxc4 Nh3 73. Bf7 Nxf4 74. d7 Nh3 75. Bxg6 f4 76. Bf5 Nxg5 77. Bg4 f3 78. Bxf3 Nxf3 1/2-1/2

[Event "Stuttgart-chA int"]
[Site "Ditzingen"]
[Date "2014.05.30"]
[Round "5"]
[White "Heeke, Guido"]
[Black "Schuster, Gerhard"]
[Result "1/2-1/2"]
[WhiteElo "1907"]
[BlackElo "2045"]
[PlyCount "90"]
[EventDate "2014.05.29"]
[EventType "swiss"]
[EventRounds "7"]
[EventCountry "GER"]
[SourceTitle "EXT 2015"]
[Source "ChessBase"]
[SourceDate "2014.11.20"]
[SourceVersion "1"]
[SourceVersionDate "2014.11.20"]
[SourceQuality "1"]

1. c4 e5 2. Nc3 Nf6 3. Nf3 Nc6 4. g3 Bb4 5. Bg2 Bxc3 6. bxc3 0-0 7. 0-0 d6 8. Rb1 Rb8 9. Ne1 e4 10. Nc2 Be6 11. d3 exd3 12. exd3 Bg4 13. f3 Bh5 14. Bg5 h6 15. Be3 Qd7 16. Qd2 Bg6 17. f4 Ng4 18. Bd4 h5 19. h3 Nh6 20. Bf2 b6 21. Kh2 Na5 22. Rbd1 c6 23. Nd4 Nf5 24. Nf3 f6 25. Kg1 Rfe8 26. Nh2 Re7 27. g4 hxg4 28. hxg4 Nh6 29. Bf3 f5 30. g5 Ng4 31. Kg2 Kf7 32. Rh1 Rbe8 33. Rde1 Bh5 34. Rxe7+ Rxe7 35. Nf1 Bg6 36. Qd1 Nxf2 37. Kxf2 Re8 38. Bh5 Qe6 39. Bf3 d5 40. cxd5 cxd5 41. Qd2 Qd6 42. Ng3 d4 43. c4 Re3 44. Rh4 Qa3 45. Be2 Qd6 1/2-1/2

[Event "Stuttgart-chA int"]
[Site "Ditzingen"]
[Date "2013.05.10"]
[Round "4"]
[White "Gheng, Simona"]
[Black "Heeke, Guido"]
[Result "1-0"]
[WhiteElo "2025"]
[BlackElo "1908"]
[PlyCount "97"]
[EventDate "2013.05.09"]
[EventType "swiss"]
[EventRounds "7"]
[EventCountry "GER"]
[SourceTitle "EXT 2014"]
[Source "ChessBase"]
[SourceDate "2013.11.20"]
[SourceVersion "1"]
[SourceVersionDate "2013.11.20"]
[SourceQuality "1"]

1. e4 e6 2. d4 d5 3. Nd2 Nf6 4. Bd3 dxe4 5. Nxe4 Bd7 6. Nf3 Be7 7. 0-0 Bc6 8. Qe2 0-0 9. c3 Bxe4 10. Bxe4 Nxe4 11. Qxe4 Qd5 12. Qxd5 exd5 13. Bf4 c6 14. Rfe1 Bf6 15. Bd6 Rc8 16. Be5 Nd7 17. Bxf6 Nxf6 18. Re7 Rab8 19. Ne5 Rf8 20. f3 g5 21. Kf2 Kg7 22. Re1 a5 23. Nd7 Nxd7 24. Rxd7 b5 25. Rc7 b4 26. Ra7 Rb5 27. Ree7 bxc3 28. bxc3 Rb2+ 29. Re2 Rxe2+ 30. Kxe2 Rb8 31. Rxa5 Rb2+ 32. Kf1 Rb1+ 33. Kf2 Rb2+ 34. Kg3 h5 35. h4 f6 36. a4 Kg6 37. hxg5 fxg5 38. Ra6 Kf5 39. Rxc6 h4+ 40. Kh2 Ra2 41. Rd6 Rxa4 42. Rxd5+ Kf4 43. Re5 Rc4 44. Re4+ Kf5 45. Re3 Rc8 46. d5 Rh8 47. d6 h3 48. g4+ Kf4 49. Rd3 1-0

[Event "Lippe Cup 06th"]
[Site "Lieme"]
[Date "2009.10.18"]
[Round "4"]
[White "Ruerup, Hans Heinz"]
[Black "Heeke, Guido"]
[Result "1-0"]
[WhiteElo "2046"]
[BlackElo "1941"]
[PlyCount "85"]
[EventDate "2009.10.16"]
[EventType "swiss"]
[EventRounds "5"]
[EventCountry "GER"]
[SourceTitle "EXT 2012"]
[Source "ChessBase"]
[SourceDate "2011.11.24"]
[SourceVersion "1"]
[SourceVersionDate "2011.11.24"]
[SourceQuality "1"]

1. e4 Nh6 2. d4 g6 3. Be3 f6 4. Nc3 d6 5. h3 c6 6. a4 Bg7 7. Bc4 Nf7 8. f4 0-0 9. Nf3 Kh8 10. 0-0 a5 11. Qe1 Na6 12. Qh4 Nc7 13. Bxf7 Rxf7 14. f5 gxf5 15. Qh5 Qe8 16. exf5 Rf8 17. Qxe8 Rxe8 18. Nh4 e6 19. Rae1 e5 20. dxe5 dxe5 21. Rd1 Bf8 22. Bb6 Na6 23. Ne4 Kg7 24. c3 Nb8 25. Bc7 Nd7 26. Bd6 Nb6 27. b3 Nd5 28. Rf3 b6 29. c4 Nf4 30. Kf2 Ra7 31. Bxf8+ Rxf8 32. Rd6 Raf7 33. Ke3 Bb7 34. Rf2 Rc7 35. Rfd2 Rff7 36. Nf2 Bc8 37. g3 Nh5 38. Ne4 Ba6 39. Ng2 Bb7 40. g4 Nf4 41. Nxf4 exf4+ 42. Kxf4 Rce7 43. Ng3 1-0

[Event "Lippe Cup 06th"]
[Site "Lieme"]
[Date "2009.10.17"]
[Round "3"]
[White "Heeke, Guido"]
[Black "Schondelmaier, Joerg"]
[Result "1/2-1/2"]
[WhiteElo "1941"]
[BlackElo "1860"]
[PlyCount "149"]
[EventDate "2009.10.16"]
[EventType "swiss"]
[EventRounds "5"]
[EventCountry "GER"]
[SourceTitle "EXT 2012"]
[Source "ChessBase"]
[SourceDate "2011.11.24"]
[SourceVersion "1"]
[SourceVersionDate "2011.11.24"]
[SourceQuality "1"]

1. c4 g6 2. Nc3 Bg7 3. Nf3 c5 4. g3 Nc6 5. Bg2 Nf6 6. 0-0 0-0 7. d4 cxd4 8. Nxd4 Nxd4 9. Qxd4 d6 10. Qh4 Re8 11. Rd1 Qb6 12. h3 Bd7 13. Rb1 Bc6 14. e4 Qc5 15. b3 Qe5 16. Nd5 Nxd5 17. exd5 Qe2 18. Be3 Bd7 19. Rd2 Qh5 20. Qxh5 gxh5 21. Kh2 Bf5 22. Rbd1 b6 23. f4 h6 24. Bf3 Bg6 25. Rf2 Rad8 26. Bd4 f5 27. Re2 Bf7 28. g4 hxg4 29. hxg4 fxg4 30. Bxg4 Bf6 31. Be6 Bxe6 32. Rxe6 Kf7 33. Bxf6 exf6 34. Rde1 Rxe6 35. Rxe6 Kg6 36. Kg3 Kf5 37. Kf3 Rd7 38. Re8 Kg6 39. Ke4 f5+ 40. Kf3 Kf7 41. Re6 Kg7 42. Kg3 a6 43. Kh4 b5 44. cxb5 axb5 45. Kh5 Ra7 46. Rxd6 Rxa2 47. Rd7+ Kf6 48. Rd6+ Kg7 49. Kh4 Rb2 50. Rb6 Rxb3 51. d6 Kf7 52. Rb7+ Ke8 53. d7+ Kd8 54. Kh5 Rh3+ 55. Kg6 b4 56. Kxf5 b3 57. Kg6 h5 58. f5 h4 59. f6 Rg3+ 60. Kf7 h3 61. Ke6 Re3+ 62. Kf5 Rf3+ 63. Kg4 h2 64. Rb8+ Kxd7 65. Rh8 b2 66. Rxh2 b1Q 67. Kxf3 Qf5+ 68. Kg2 Qxf6 69. Rh3 Ke6 70. Re3+ Kd5 71. Rd3+ Ke4 72. Rg3 Qb2+ 73. Kh3 Qf2 74. Rg4+ Kf3 75. Rf4+ 1/2-1/2

[Event "Stuttgart-chA int"]
[Site "Ditzingen"]
[Date "2008.05.01"]
[Round "1"]
[White "Heeke, Guido"]
[Black "Hirneise, Jens"]
[Result "0-1"]
[WhiteElo "1944"]
[BlackElo "2202"]
[PlyCount "128"]
[EventDate "2008.05.01"]
[EventType "swiss"]
[EventRounds "7"]
[EventCountry "GER"]
[SourceTitle "EXT 2018"]
[Source "ChessBase"]
[SourceDate "2017.10.13"]
[SourceVersion "1"]
[SourceVersionDate "2017.10.13"]
[SourceQuality "1"]

1. c4 Nf6 2. Nc3 g6 3. g3 Bg7 4. Bg2 d6 5. d4 0-0 6. Nf3 Nc6 7. 0-0 a6 8. b3 Rb8 9. Bb2 b5 10. cxb5 axb5 11. Ng5 Na7 12. b4 Nd7 13. Nge4 Nb6 14. e3 Nc4 15. Bc1 e5 16. d5 f5 17. Nd2 e4 18. Nxc4 bxc4 19. Bd2 c6 20. dxc6 Nxc6 21. a3 d5 22. Ra2 Be6 23. Rc2 d4 24. exd4 Nxd4 25. Bf4 Nxc2 26. Qxc2 Qd3 27. Rc1 Qxc2 28. Rxc2 Ra8 29. Nb5 Bd7 30. Nd6 Rxa3 31. Bf1 Ra1 32. Kg2 c3 33. Bc4+ Kh8 34. Nf7+ Rxf7 35. Bxf7 Bb5 36. h4 Ba4 37. Ra2 c2 38. Rxa1 Bxa1 39. Bc1 Kg7 40. Bc4 Kf6 41. f4 Bc3 42. b5 e3 43. Bxe3 Bb2 44. b6 Bc6+ 45. Kf2 c1Q 46. Bxc1 Bxc1 47. Ba6 Ba3 48. Ke2 Bc5 49. b7 Bd6 50. Kd3 h6 51. Ke2 Ke6 52. Kd3 Bb8 53. Bc4+ Bd5 54. Ba6 Kd6 55. Bb5 Bf7 56. Ke2 Kc5 57. Bd7 Kd6 58. Bb5 Kc7 59. Bd3 h5 60. Ba6 Kb6 61. Bd3 Kxb7 62. Bb5 Kb6 63. Bd3 Kc5 64. Ba6 Bc4+ 0-1

[Event "GER-ch Teachers"]
[Site "Friedrichroda"]
[Date "2007.08.08"]
[Round "1.5"]
[White "Broemel, Richard"]
[Black "Heeke, Guido"]
[Result "1/2-1/2"]
[WhiteElo "2176"]
[BlackElo "1922"]
[PlyCount "34"]
[EventDate "2007.08.08"]
[EventType "swiss"]
[EventRounds "7"]
[EventCountry "GER"]
[SourceTitle "CBM 120 Extra"]
[Source "ChessBase"]
[SourceDate "2007.11.01"]
[SourceVersion "1"]
[SourceVersionDate "2007.11.01"]
[SourceQuality "1"]

1. d4 f5 2. Nf3 Nf6 3. Bf4 g6 4. e3 Bg7 5. Bc4 d5 6. Be2 0-0 7. Nbd2 h6 8. h4 Nbd7 9. Ne5 Nxe5 10. Bxe5 Nd7 11. Bxg7 Kxg7 12. Nf3 e6 13. Qd3 Qf6 14. 0-0-0 c6 15. Rhg1 e5 16. dxe5 Nxe5 17. Qd4 Ng4 1/2-1/2

[Event "Stuttgart-chA int"]
[Site "Ditzingen"]
[Date "2005.05.05"]
[Round "2"]
[White "Langensteiner, Matthias"]
[Black "Heeke, Guido"]
[Result "1-0"]
[WhiteElo "2065"]
[BlackElo "1941"]
[PlyCount "99"]
[EventDate "2005.05.05"]
[EventType "swiss"]
[EventRounds "7"]
[EventCountry "GER"]
[SourceTitle "EXT 2018"]
[Source "ChessBase"]
[SourceDate "2017.10.13"]
[SourceVersion "1"]
[SourceVersionDate "2017.10.13"]
[SourceQuality "1"]

1. d4 Nf6 2. c4 g6 3. Nc3 d6 4. e4 Bg7 5. Nf3 0-0 6. Be2 Na6 7. 0-0 c5 8. d5 Nc7 9. Ne1 Nfe8 10. f4 f5 11. Nf3 fxe4 12. Nxe4 Nf6 13. Ng3 b5 14. Re1 bxc4 15. Bxc4 Rb8 16. Rb1 Kh8 17. Qd3 Ng4 18. Qe2 Bf6 19. b3 Nh6 20. Bb2 Ng8 21. Ng5 h6 22. Nf3 Kh7 23. Qe4 Qe8 24. h4 Bxb2 25. Rxb2 Bf5 26. Nxf5 Rxf5 27. h5 Rxh5 28. g4 Rh3 29. Kg2 Rxf3 30. Kxf3 Qd7 31. Bd3 Qe8 32. f5 Qf7 33. Kg3 Qxd5 34. fxg6+ Kg7 35. Rf2 Rf8 36. Rxf8 Kxf8 37. Qf4+ Nf6 38. Qxh6+ Ke8 39. Qe3 e5 40. Bc4 Qd4 41. Qxd4 cxd4 42. g7 d5 43. Rxe5+ Kf7 44. Bd3 Ne6 45. Rxe6 Kxe6 46. Bh7 Kf7 47. g8Q+ Nxg8 48. Bxg8+ Kxg8 49. Kf3 Kf7 50. Ke2 1-0

[Event "NRW Class1 0304"]
[Site "Germany"]
[Date "2004.02.08"]
[Round "6.8"]
[White "Heeke, Guido"]
[Black "Biedekoepper, Robert"]
[Result "1/2-1/2"]
[WhiteElo "1801"]
[BlackElo "2212"]
[PlyCount "41"]
[EventDate "2003.09.28"]
[EventType "team"]
[EventRounds "9"]
[EventCountry "GER"]
[SourceTitle "CBM 098 Extra"]
[Source "ChessBase"]
[SourceDate "2004.03.10"]
[SourceVersion "2"]
[SourceVersionDate "2004.03.10"]
[SourceQuality "1"]
[WhiteTeam "Letmathe"]
[BlackTeam "Godesberg II"]
[WhiteTeamCountry "GER"]
[BlackTeamCountry "GER"]

1. c4 e5 2. Nc3 Nf6 3. g3 d5 4. cxd5 Nxd5 5. Bg2 Nb6 6. e3 c5 7. Nge2 Nc6 8. 0-0 Be7 9. b3 0-0 10. Bb2 Bg4 11. h3 Bf5 12. d4 exd4 13. exd4 cxd4 14. Nb5 d3 15. Ned4 Nxd4 16. Nxd4 Qd7 17. Nxf5 Qxf5 18. Bxb7 Rad8 19. Bg2 d2 20. Qf3 Qc2 21. Qc3 1/2-1/2

[Event "Stuttgart-chA"]
[Site "Stuttgart"]
[Date "2004.??.??"]
[Round "?"]
[White "Heeke, Guido"]
[Black "Holzinger, Eugen"]
[Result "0-1"]
[WhiteElo "1875"]
[BlackElo "2170"]
[PlyCount "137"]
[EventDate "2004.05.20"]
[EventType "swiss"]
[EventRounds "7"]
[EventCountry "GER"]
[SourceTitle "EXT 2007"]
[Source "ChessBase"]
[SourceDate "2006.11.23"]
[SourceVersion "1"]
[SourceVersionDate "2006.11.23"]
[SourceQuality "1"]

1. c4 e5 2. Nc3 Nf6 3. g3 Bc5 4. e3 Nc6 5. Bg2 0-0 6. Nge2 Re8 7. 0-0 e4 8. a3 a5 9. Qc2 Qe7 10. Nf4 Nd8 11. Nfd5 Nxd5 12. Nxd5 Qe5 13. Rb1 c6 14. Nc3 d5 15. cxd5 cxd5 16. b4 axb4 17. axb4 Bf8 18. Nb5 Nc6 19. Bb2 Qe7 20. Bc3 Bg4 21. Rfe1 Rec8 22. Qb2 Qd7 23. Na3 Ra4 24. Nc2 b5 25. Ra1 Rxa1 26. Qxa1 Qb7 27. Qb2 Ra8 28. Ra1 Be2 29. Bf1 Bc4 30. Bxc4 dxc4 31. Rxa8 Qxa8 32. Qa3 Qb7 33. Qa1 f6 34. Qb1 Kf7 35. Ne1 Qe7 36. Nc2 f5 37. Qa2 Qb7 38. Qb2 Qe7 39. Kg2 h5 40. h4 Qb7 41. Ne1 Qa8 42. Nc2 Qa4 43. Kf1 Qb3 44. Qxb3 cxb3 45. Na1 b2 46. Bxb2 Bxb4 47. Ke2 g6 48. d3 exd3+ 49. Kxd3 Ke6 50. Nc2 Bc5 51. Ne1 Bd6 52. Nf3 Ne5+ 53. Bxe5 Bxe5 54. Ng5+ Kd5 55. e4+ fxe4+ 56. Nxe4 b4 57. Nd2 Bd4 58. f3 Be5 59. g4 Bg3 60. gxh5 gxh5 61. Nf1 Bf4 62. Ne3+ Bxe3 63. Kxe3 Ke5 64. Kd3 Kf4 65. Kc4 Kxf3 66. Kxb4 Kg4 67. Kc3 Kxh4 68. Kd2 Kg3 69. Ke1 0-1

[Event "Stuttgart-chA"]
[Site "Stuttgart"]
[Date "2004.??.??"]
[Round "?"]
[White "Roth, Stefan"]
[Black "Heeke, Guido"]
[Result "1/2-1/2"]
[WhiteElo "2035"]
[BlackElo "1875"]
[PlyCount "94"]
[EventDate "2004.05.20"]
[EventType "swiss"]
[EventRounds "7"]
[EventCountry "GER"]
[SourceTitle "EXT 2007"]
[Source "ChessBase"]
[SourceDate "2006.11.23"]
[SourceVersion "1"]
[SourceVersionDate "2006.11.23"]
[SourceQuality "1"]

1. e4 e6 2. d4 d5 3. e5 c5 4. Nf3 cxd4 5. Bd3 Nc6 6. 0-0 Qc7 7. Re1 g6 8. a3 Bg7 9. Bf4 Nge7 10. Nbd2 Bd7 11. b4 a6 12. Nb3 0-0 13. Qd2 Rfb8 14. Nc5 b5 15. h3 Nc8 16. Nh2 Nb6 17. Ng4 Rd8 18. Nf6+ Kh8 19. Bh6 Ne7 20. Bxg7+ Kxg7 21. Qf4 Ng8 22. Nxh7 Bc6 23. Nf6 Qe7 24. Ng4 a5 25. Qxd4 Nc4 26. Qf4 axb4 27. axb4 Ra7 28. Rxa7 Qxa7 29. Qg5 Re8 30. Nf6 Kf8 31. Nxe8 Bxe8 32. Qf4 Kg7 33. h4 Qa3 34. Bxc4 Qxb4 35. Nd3 Qxc4 36. Qxc4 dxc4 37. Nc5 Ne7 38. Ne4 Nd5 39. Nd6 Bc6 40. Ra1 c3 41. Ra7 b4 42. Rxf7+ Kg8 43. Ra7 b3 44. cxb3 Nb4 45. Ra1 Nd3 46. Ra2 Nb4 47. Ra1 Nd3 1/2-1/2

[Event "Oberliga NRW 9900 II"]
[Site "Germany"]
[Date "2000.02.09"]
[Round "5.7"]
[White "Heeke, Guido"]
[Black "Petzold, Klaus"]
[Result "0-1"]
[WhiteElo "1835"]
[BlackElo "2285"]
[PlyCount "66"]
[EventDate "1999.10.26"]
[EventType "team"]
[EventRounds "9"]
[EventCountry "GER"]
[SourceTitle "EXT 2001"]
[Source "ChessBase"]
[SourceDate "2000.11.22"]
[SourceVersion "1"]
[SourceVersionDate "2000.11.22"]
[SourceQuality "1"]
[WhiteTeam "Letmathe"]
[BlackTeam "Aachen"]
[WhiteTeamCountry "GER"]
[BlackTeamCountry "GER"]

1. c4 c6 2. d4 d5 3. cxd5 cxd5 4. Nc3 Nf6 5. Nf3 Nc6 6. e3 a6 7. a3 Bg4 8. Be2 e6 9. 0-0 Bd6 10. Bd2 0-0 11. Rc1 Na5 12. b4 Nc4 13. Bxc4 dxc4 14. e4 Be7 15. Be3 a5 16. Rb1 axb4 17. axb4 b5 18. Qc2 Bxf3 19. gxf3 Qb8 20. Qb2 Qb7 21. Rfd1 Rfd8 22. Rd2 Ra6 23. Qc1 Nd7 24. Qd1 Rda8 25. Rdb2 Ra3 26. Bd2 Bf6 27. Be1 Rd8 28. Ra2 Rxa2 29. Nxa2 Ne5 30. Bc3 Nd3 31. e5 Bh4 32. Nc1 Bxf2+ 33. Kf1 Bxd4 0-1